000
00302nam a2200097 a 4500
005
20200930080404.0
008
120420s1997 000 spa d
245
0
_a
Políticas y estratégias para la titulación de tierras en la República Dominicana.
260
_a
Santo Domingo,
_c
1997.
999
_c
36969
_d
36969
040
_a
DO-SdBNP